000 00349nam a22001457a 4500
020 _qPB.
040 _cFIZZA ISHAQ
082 _a624.18
_bMIC
100 _aMICHAEL,.
_986609
245 _aMATERIALS FOR CIVIL AND CONSTRUCTION /
_cMICHAEL.
250 _a3rd ED.
260 _aNEW DEHLI :
_bPEARSON,
_c2014.
300 _a612 P. ;
942 _2ddc
_cBK
999 _c587389
_d587389